[Event "Staufer op 26th"]
[Site "Schwaebisch Gmuend"]
[Date "2014.01.03"]
[Round "4"]
[White "Hahn, Markus"]
[Black "Beckers, Manfred"]
[Result "1-0"]
[WhiteElo "2206"]
[BlackElo "2046"]
[PlyCount "41"]
[EventDate "2014.01.02"]
[EventType "swiss"]
[EventRounds "9"]
[EventCountry "GER"]
[SourceTitle "CBM 158 Extra"]
[Source "ChessBase"]
[SourceDate "2014.02.28"]
[SourceVersion "1"]
[SourceVersionDate "2014.02.28"]
[SourceQuality "1"]

1. d4 Nf6 2. c4 e6 3. Nf3 c5 4. d5 exd5 5. cxd5 d6 6. Nc3 g6 7. e4 Bg7 8. h3 a6 9. a4 0-0 10. Bd3 Nbd7 11. 0-0 Re8 12. Bf4 Qc7 13. Re1 Rb8 14. Bf1 c4 15. Bh2 b5 16. axb5 axb5 17. Nd4 Qc5 18. Nc6 Rb6 19. Rc1 Bb7 20. b4 cxb3 21. Nb1 1-0

[Event "Staufer op 25th"]
[Site "Schwaebisch Gmuend"]
[Date "2013.01.04"]
[Round "6"]
[White "Gheng, Josef"]
[Black "Beckers, Manfred"]
[Result "1-0"]
[WhiteElo "2314"]
[BlackElo "2045"]
[PlyCount "45"]
[EventDate "2013.01.02"]
[EventType "swiss"]
[EventRounds "9"]
[EventCountry "GER"]
[SourceTitle "CBM 152 Extra"]
[Source "ChessBase"]
[SourceDate "2013.02.25"]
[SourceVersion "1"]
[SourceVersionDate "2013.02.25"]
[SourceQuality "1"]

1. d4 Nf6 2. Nf3 c5 3. d5 e6 4. c4 exd5 5. cxd5 d6 6. Nc3 g6 7. e4 Bg7 8. Bd3 0-0 9. 0-0 Bg4 10. h3 Bxf3 11. Qxf3 a6 12. a4 Nbd7 13. Qd1 Re8 14. Bf4 c4 15. Bc2 Qc7 16. a5 Rad8 17. Ra4 Nc5 18. Rxc4 b5 19. axb6 Qxb6 20. b4 Ncd7 21. Rc6 Qxb4 22. Bxd6 Qa5 23. Bc7 1-0

[Event "Rhein Main op-A 14th"]
[Site "Bad Homburg"]
[Date "2011.06.25"]
[Round "5"]
[White "Will, Dominik"]
[Black "Beckers, Manfred"]
[Result "0-1"]
[WhiteElo "2018"]
[BlackElo "1885"]
[PlyCount "56"]
[EventDate "2011.06.22"]
[EventType "swiss"]
[EventRounds "7"]
[EventCountry "GER"]
[SourceTitle "EXT 2012"]
[Source "ChessBase"]
[SourceDate "2011.11.24"]
[SourceVersion "1"]
[SourceVersionDate "2011.11.24"]
[SourceQuality "1"]

1. e4 c5 2. Nf3 a6 3. c3 d5 4. exd5 Qxd5 5. d4 Bg4 6. Be2 e6 7. 0-0 Nf6 8. Be3 Nbd7 9. h3 Bh5 10. Nbd2 Be7 11. c4 Qc6 12. a3 0-0 13. Ne5 Nxe5 14. dxe5 Bxe2 15. Qxe2 Nd7 16. Bf4 Rad8 17. Qg4 f5 18. Qg3 Rf7 19. h4 Nxe5 20. Bxe5 Rxd2 21. h5 Bf6 22. h6 Bxe5 23. Qxe5 Qd6 24. Rfe1 Qxe5 25. Rxe5 Rxb2 26. Rxe6 gxh6 27. Rxh6 Rc2 28. Rh4 f4 0-1

[Event "Rhein Main op 13th"]
[Site "Bad Homburg"]
[Date "2010.06.04"]
[Round "4"]
[White "Beckers, Manfred"]
[Black "Velkin, Elina"]
[Result "1-0"]
[WhiteElo "1889"]
[BlackElo "1492"]
[PlyCount "55"]
[EventDate "2010.06.02"]
[EventType "swiss"]
[EventRounds "7"]
[EventCountry "GER"]
[SourceTitle "EXT 2011"]
[Source "ChessBase"]
[SourceDate "2010.11.26"]
[SourceVersion "1"]
[SourceVersionDate "2010.11.26"]
[SourceQuality "1"]

1. c4 e5 2. Nc3 Nf6 3. Nf3 Nc6 4. e3 g6 5. d4 exd4 6. exd4 d5 7. Bg5 h6 8. Qe2+ Be6 9. Bxf6 Qxf6 10. cxd5 Nxd4 11. Nxd4 Qxd4 12. dxe6 Bb4 13. Qc4 Bxc3+ 14. bxc3 Qe5+ 15. Be2 c6 16. exf7+ Kf8 17. 0-0 Rh7 18. Rfe1 Qf6 19. Qb4+ Qe7 20. Qxe7+ Kxe7 21. Bc4+ Kf6 22. Re3 Rhh8 23. Rae1 Rad8 24. Re6+ Kg7 25. Re8 b5 26. Bb3 a5 27. Rxd8 Rxd8 28. Re8 1-0

[Event "Rhein Main op 13th"]
[Site "Bad Homburg"]
[Date "2010.06.03"]
[Round "2"]
[White "Beckers, Manfred"]
[Black "Gilles, Jean Claude"]
[Result "0-1"]
[WhiteElo "1889"]
[BlackElo "1979"]
[PlyCount "52"]
[EventDate "2010.06.02"]
[EventType "swiss"]
[EventRounds "7"]
[EventCountry "GER"]
[SourceTitle "EXT 2011"]
[Source "ChessBase"]
[SourceDate "2010.11.26"]
[SourceVersion "1"]
[SourceVersionDate "2010.11.26"]
[SourceQuality "1"]

1. c4 f5 2. Nc3 Nf6 3. d4 g6 4. Nf3 d6 5. e3 Bg7 6. b4 0-0 7. Bb2 c6 8. Be2 Qe8 9. Qb3 h6 10. 0-0-0 Ne4 11. Rhf1 Nxc3 12. Bxc3 Kh7 13. h4 Be6 14. Kb2 Na6 15. a4 Nc7 16. Rc1 a6 17. Rfd1 Qf7 18. Nd2 b5 19. a5 Rab8 20. Ka1 c5 21. Rb1 bxc4 22. Bxc4 d5 23. Be2 c4 24. Qc2 Nb5 25. Ka2 f4 26. e4 Bxd4 0-1

[Event "Rhein Main op 13th"]
[Site "Bad Homburg"]
[Date "2010.06.02"]
[Round "1"]
[White "Muheim, Sebastien"]
[Black "Beckers, Manfred"]
[Result "1-0"]
[WhiteElo "2112"]
[BlackElo "1889"]
[PlyCount "65"]
[EventDate "2010.06.02"]
[EventType "swiss"]
[EventRounds "7"]
[EventCountry "GER"]
[SourceTitle "EXT 2011"]
[Source "ChessBase"]
[SourceDate "2010.11.26"]
[SourceVersion "1"]
[SourceVersionDate "2010.11.26"]
[SourceQuality "1"]

1. d4 c5 2. d5 e6 3. c4 exd5 4. cxd5 d6 5. Nc3 g6 6. e4 Bg7 7. Nf3 Bg4 8. Qa4+ Nd7 9. Nd2 Kf8 10. h3 Nb6 11. Qc2 Bd7 12. Be2 Nf6 13. 0-0 Qe8 14. a4 a5 15. Re1 Kg8 16. Nc4 Nxc4 17. Bxc4 Qe5 18. Be3 Nh5 19. Qd2 b6 20. f4 Qe7 21. g4 Bxc3 22. Qxc3 Ng7 23. e5 h5 24. e6 fxe6 25. dxe6 Bc6 26. g5 d5 27. Bd3 d4 28. Bxd4 cxd4 29. Qxc6 Kh7 30. Re5 Rhd8 31. Bxg6+ Kh8 32. Bd3 Rab8 33. Qe4 1-0

[Event "Bad Woerishofen op 17th"]
[Site "Bad Woerishofen"]
[Date "2001.??.??"]
[Round "3"]
[White "Beckers, Manfred"]
[Black "Schoebel, Klaus"]
[Result "1-0"]
[WhiteElo "1855"]
[BlackElo "1580"]
[PlyCount "69"]
[EventDate "2001.03.15"]
[EventType "swiss"]
[EventRounds "9"]
[EventCountry "GER"]
[SourceTitle "CBM 081 Extra"]
[Source "ChessBase"]
[SourceDate "2001.05.06"]
[SourceVersion "1"]
[SourceVersionDate "2001.05.06"]
[SourceQuality "1"]

1. d4 d5 2. c4 e6 3. Nc3 Nf6 4. Bg5 Be7 5. e3 h6 6. Bh4 0-0 7. Nf3 Nbd7 8. Rc1 c6 9. Bd3 dxc4 10. Bxc4 Nd5 11. Bxe7 Qxe7 12. 0-0 Nxc3 13. bxc3 e5 14. Qc2 e4 15. Nd2 Nf6 16. Be2 Bf5 17. c4 Rad8 18. Qa4 a6 19. c5 Bg4 20. Bxg4 Nxg4 21. Rb1 Rd5 22. h3 Nf6 23. Nc4 Rg5 24. f4 Rg6 25. Ne5 Rg3 26. Qb3 Nd5 27. Rbe1 Qh4 28. Kh2 Re8 29. Qxb7 Rxe5 30. fxe5 Nxe3 31. Qxf7+ Kh7 32. Rxe3 Rxe3 33. Qf4 Qxf4+ 34. Rxf4 g5 35. Rf1 1-0

[Event "Bad Woerishofen op 17th"]
[Site "Bad Woerishofen"]
[Date "2001.??.??"]
[Round "6"]
[White "Walther, Alexander"]
[Black "Beckers, Manfred"]
[Result "1-0"]
[WhiteElo "1743"]
[BlackElo "1855"]
[PlyCount "69"]
[EventDate "2001.03.15"]
[EventType "swiss"]
[EventRounds "9"]
[EventCountry "GER"]
[SourceTitle "CBM 081 Extra"]
[Source "ChessBase"]
[SourceDate "2001.05.06"]
[SourceVersion "1"]
[SourceVersionDate "2001.05.06"]
[SourceQuality "1"]

1. Nf3 c5 2. c3 Nf6 3. Qc2 g6 4. e4 d6 5. d4 Bg7 6. Bg5 Nfd7 7. Nbd2 Nc6 8. dxc5 Nxc5 9. 0-0-0 Be6 10. Kb1 a6 11. Nb3 Nxe4 12. Bd3 Nf6 13. Nfd4 Bd5 14. f4 Qd7 15. f5 Ne5 16. Bxf6 Bxf6 17. fxg6 hxg6 18. Be4 Bxe4 19. Qxe4 Rh4 20. Qe1 0-0-0 21. h3 Rdh8 22. Rf1 Qa4 23. Nc1 Qc4 24. Ka1 Kd7 25. Ncb3 R4h5 26. Nd2 Qa4 27. Ne4 Bg7 28. Nf5 Qc6 29. Nxg7 R5h7 30. Ng5 Rxg7 31. Qxe5 f6 32. Qe6+ Kd8 33. Nf7+ Rxf7 34. Qxf7 Qxg2 35. Rfe1 1-0